| 000 | 00791nam a2200253 4500 | ||
|---|---|---|---|
| 003 | OSt | ||
| 005 | 20240624002453.0 | ||
| 006 | a | ||
| 008 | 240624b |||||||| |||| 00| 0 eng d | ||
| 020 | _a9781435487550 | ||
| 040 |
_aDWCL-HMN lib. _cOC |
||
| 082 |
_2Third edition _aCirc. 362.1 M681i 2012 |
||
| 100 | _aMitchell, Dakota | ||
| 245 | _aIntroduction to health care / | ||
| 250 | _aThird edition | ||
| 260 |
_aN.Y. : _bDelmar, _cc2012. |
||
| 300 |
_axxiii, _b597 p. : col. ill. ; _c28 cm. |
||
| 504 | _aIncludes bibliographical references & index. | ||
| 650 | _a1. Medical care. | ||
| 650 | _a2. Medical care-Study and teaching. | ||
| 650 | _a3. Medicine-Study and teaching. | ||
| 650 | _a4. Medicine-Vocational guidance. | ||
| 942 |
_2ddc _n0 _cBK-CIRC _eThird edition _kCirc. |
||
| 999 |
_c1154 _d1154 |
||